000 00325cam a2200145 4500
008 040513n2004 000 0 eng u
020 _a0414013735
035 _a(Sirsi) u126188
041 _aeng
100 _aSwinton, Kenneth
245 _aProperty
260 _aEdinburgh
_bW Green
_c2004
350 _a13
942 _n0
999 _c103584
_d103584